|
|
|
|
| LEADER |
00000nbm0a2200000 4500 |
| 001 |
266622 |
| 005 |
20231101234022.0 |
| 035 |
|
|
|a (RuTPU)RU\TPU\book\289642
|
| 035 |
|
|
|a RU\TPU\book\289638
|
| 090 |
|
|
|a 266622
|
| 100 |
|
|
|a 20140711j20140625k y0rusy50 ca
|
| 101 |
0 |
|
|a rus
|
| 102 |
|
|
|a RU
|
| 105 |
|
|
|a a m 001zy
|
| 200 |
1 |
|
|a Разработка герметичных вводов контрольных кабелей повышенной надежности для атомных станций
|e диссертация на соискание ученой степени кандидата технических наук
|e спец. 05.09.02
|f С. П. Ващук
|g Амурский государственный университет (АмГУ), Лаборатория космического материаловедения ; науч. рук. Н. С. Костюков
|
| 210 |
|
|
|a Благовещенск
|c [Б. и.]
|d 2014
|
| 215 |
|
|
|a 135 л..
|c ил.
|
| 300 |
|
|
|a Защищена 25.06.2014 г.
|
| 320 |
|
|
|a Библиогр.: с. 101-112 (112 назв.).
|
| 606 |
1 |
|
|a Атомные электрические станции
|x Электрооборудование
|2 stltpush
|3 (RuTPU)RU\TPU\subj\29778
|9 53041
|
| 610 |
1 |
|
|a герметичные кабельные вводы
|
| 610 |
1 |
|
|a электромагнитные параметры
|
| 610 |
1 |
|
|a расчеты
|
| 610 |
1 |
|
|a электрические измерения
|
| 610 |
1 |
|
|a выбор
|
| 610 |
1 |
|
|a конструирование
|
| 610 |
1 |
|
|a гермовводы
|
| 610 |
1 |
|
|a испытание
|
| 610 |
1 |
|
|a исследование
|
| 610 |
1 |
|
|a диссертации
|
| 675 |
|
|
|a 621.311.25:621.039.002.5(04)
|v 3
|
| 686 |
|
|
|a 05.09.02
|2 oksvnk
|
| 700 |
|
1 |
|a Ващук
|b С. П.
|g Сергей Петрович
|
| 702 |
|
1 |
|a Костюков
|b Н. С.
|g Николай Сергеевич
|4 727
|
| 712 |
0 |
2 |
|a Амурский государственный университет (АмГУ)
|b Лаборатория космического материаловедения
|c (Благовещенск)
|2 stltpush
|3 (RuTPU)RU\TPU\col\5942
|
| 801 |
|
1 |
|a RU
|b 63413507
|c 20140711
|
| 801 |
|
2 |
|a RU
|b 63413507
|c 20140903
|g RCR
|
| 942 |
|
|
|c BK
|